[Event "Katy Rybackie op"]
[Site "Katy Rybackie"]
[Date "2009.06.19"]
[Round "7"]
[White "Kowalczyk, Henryk"]
[Black "Kulling, Aleksander"]
[Result "0-1"]
[WhiteElo "1789"]
[BlackElo "1925"]
[PlyCount "70"]
[EventDate "2009.06.14"]
[EventType "swiss"]
[EventRounds "9"]
[EventCountry "POL"]
[SourceTitle "CBM 131 Extra"]
[Source "ChessBase"]
[SourceDate "2009.09.03"]
[SourceVersion "2"]
[SourceVersionDate "2009.09.16"]
[SourceQuality "1"]

1. g3 e5 2. Bg2 d5 3. d3 Nc6 4. Nd2 Bc5 5. Ngf3 Nf6 6. 0-0 e4 7. dxe4 dxe4 8. Ng5 e3 9. Nde4 exf2+ 10. Kh1 Qxd1 11. Rxd1 Nxe4 12. Nxe4 Bb6 13. e3 Nb4 14. Nxf2 Nxc2 15. Rb1 0-0 16. Ne4 Nxe3 17. Bxe3 Bxe3 18. Rd3 Bb6 19. Rbd1 Bf5 20. Rf1 Bg6 21. Rdd1 Rad8 22. Rc1 Rfe8 23. Nc3 c6 24. Na4 Rd2 25. Bf3 Be4 26. Bxe4 Rxe4 27. Nc3 Re6 28. Rce1 Rxb2 29. Rd1 Kf8 30. Rd7 Re7 31. Rd3 Ba5 32. Na4 Rxa2 33. Nc5 Ree2 34. Rfd1 Rxh2+ 35. Kg1 Bb6 0-1

[Event "Katy Rybackie op"]
[Site "Katy Rybackie"]
[Date "2009.06.16"]
[Round "3"]
[White "Stankiewicz, Edward"]
[Black "Kulling, Aleksander"]
[Result "1-0"]
[WhiteElo "1912"]
[BlackElo "1925"]
[PlyCount "81"]
[EventDate "2009.06.14"]
[EventType "swiss"]
[EventRounds "9"]
[EventCountry "POL"]
[SourceTitle "CBM 131 Extra"]
[Source "ChessBase"]
[SourceDate "2009.09.03"]
[SourceVersion "2"]
[SourceVersionDate "2009.09.16"]
[SourceQuality "1"]

1. e4 c5 2. Nf3 Nc6 3. d4 cxd4 4. Nxd4 e5 5. Nb5 a6 6. Nd6+ Bxd6 7. Qxd6 Qf6 8. Qd1 Qg6 9. Nc3 Nge7 10. Be3 0-0 11. Qd2 b5 12. f3 Rd8 13. 0-0-0 d6 14. g4 Bb7 15. h4 Rac8 16. Kb1 Nb4 17. a3 Nbc6 18. g5 f5 19. gxf6 Qxf6 20. Bh3 b4 21. Nd5 Qxf3 22. Bxc8 Bxc8 23. Nxe7+ Nxe7 24. Bg5 Qf7 25. Rhf1 Qe6 26. axb4 Bb7 27. Qd3 h6 28. Bxe7 Qxe7 29. Qc4+ d5 30. exd5 Qd6 31. Qc5 Bxd5 32. Qxd6 Rxd6 33. Rfe1 Rd7 34. Rxe5 Ba2+ 35. Kc1 Rb7 36. b3 Bxb3 37. cxb3 Rxb4 38. h5 Rxb3 39. Rd8+ Kf7 40. Ra8 Kf6 41. Ra5 1-0

[Event "Rowy op-A 17th"]
[Site "Rowy"]
[Date "2008.06.21"]
[Round "8.22"]
[White "Murawko, Katarzyna"]
[Black "Kulling, Aleksander"]
[Result "0-1"]
[WhiteElo "1622"]
[BlackElo "1932"]
[PlyCount "112"]
[EventDate "2008.06.14"]
[EventType "swiss"]
[EventRounds "9"]
[EventCountry "POL"]
[SourceTitle "EXT 2023"]
[Source "ChessBase"]
[SourceDate "2022.10.05"]
[SourceVersion "1"]
[SourceVersionDate "2022.10.05"]
[SourceQuality "1"]

1. e4 c5 2. Nf3 Nc6 3. d4 cxd4 4. Nxd4 g6 5. Nc3 Bg7 6. Be3 a6 7. f3 e6 8. Qd2 Nge7 9. Be2 0-0 10. 0-0-0 Nxd4 11. Bxd4 Bxd4 12. Qxd4 Nc6 13. Qd2 b5 14. g4 b4 15. Na4 Qa5 16. b3 Qe5 17. Kb1 d5 18. exd5 Nd4 19. Qxd4 Qxe2 20. d6 Bd7 21. Nb6 Rad8 22. Qc5 Bb5 23. d7 Qxf3 24. Qxb4 Bxd7 25. Rhf1 Qb7 26. Nd5 Qxb4 27. Nxb4 a5 28. Nd3 Bb5 29. c4 Bc6 30. Ne5 Be4+ 31. Kb2 Rxd1 32. Rxd1 f6 33. Nd7 Rf7 34. Nc5 Bf3 35. Rd8+ Kg7 36. Nxe6+ Kh6 37. h3 f5 38. gxf5 gxf5 39. Nd4 Bg2 40. c5 f4 41. c6 Bxh3 42. Rd6+ Kh5 43. Nf3 Rc7 44. Ne5 Kh4 45. a3 Kg3 46. Rf6 Re7 47. Nd3 f3 48. b4 axb4 49. axb4 Bf1 50. b5 Bxd3 51. b6 Ba6 52. Kc3 f2 53. Kb4 Kg2 54. Ka5 Bc8 55. b7 Bxb7 56. cxb7 Rxb7 0-1

[Event "Rowy op-A 17th"]
[Site "Rowy"]
[Date "2008.06.20"]
[Round "7.17"]
[White "Kulling, Aleksander"]
[Black "Kotlowski, Tomasz"]
[Result "0-1"]
[WhiteElo "1932"]
[BlackElo "1904"]
[PlyCount "20"]
[EventDate "2008.06.14"]
[EventType "swiss"]
[EventRounds "9"]
[EventCountry "POL"]
[SourceTitle "EXT 2023"]
[Source "ChessBase"]
[SourceDate "2022.10.05"]
[SourceVersion "1"]
[SourceVersionDate "2022.10.05"]
[SourceQuality "1"]

1. e4 g6 2. d4 Bg7 3. f4 d6 4. Nc3 c5 5. Nf3 cxd4 6. Nxd4 Nc6 7. Bb5 Qb6 8. Be3 Bd7 9. 0-0 Bxd4 10. Bxd4 Qxd4+ 0-1

[Event "Rowy op-A 17th"]
[Site "Rowy"]
[Date "2008.06.17"]
[Round "5.13"]
[White "Kulling, Aleksander"]
[Black "Kaliszewski, Tomasz"]
[Result "0-1"]
[WhiteElo "1932"]
[BlackElo "2141"]
[PlyCount "78"]
[EventDate "2008.06.14"]
[EventType "swiss"]
[EventRounds "9"]
[EventCountry "POL"]
[SourceTitle "EXT 2023"]
[Source "ChessBase"]
[SourceDate "2022.10.05"]
[SourceVersion "1"]
[SourceVersionDate "2022.10.05"]
[SourceQuality "1"]

1. e4 Nc6 2. d4 e5 3. d5 Nce7 4. f4 exf4 5. Bxf4 Ng6 6. Bg3 Bc5 7. Nf3 d6 8. Nd4 Nf6 9. Nc3 a6 10. a3 Qe7 11. Qd3 Bd7 12. 0-0-0 0-0 13. Be2 Rfe8 14. Bf3 Ng4 15. h4 N4e5 16. Qe2 h6 17. Kb1 Nf8 18. Bf2 Rab8 19. Be3 b5 20. b4 Bxd4 21. Bxd4 Nc4 22. a4 a5 23. axb5 axb4 24. Qxc4 bxc3 25. Qxc3 Rxb5+ 26. Kc1 f6 27. g4 Ng6 28. Rde1 Ne5 29. Bxe5 dxe5 30. Kd2 Rc5 31. Qb3 Kh7 32. Ra1 c6 33. Qd3 cxd5 34. Ra7 d4 35. Rb1 Rc3 36. Qf1 Qc5 37. Rxd7 Rxc2+ 38. Kd1 Qc3 39. Qe1 Qd3+ 0-1

[Event "Rowy op-A 17th"]
[Site "Rowy"]
[Date "2008.06.17"]
[Round "4.6"]
[White "Szczepaniec, Stanislaw"]
[Black "Kulling, Aleksander"]
[Result "1-0"]
[WhiteElo "2176"]
[BlackElo "1932"]
[PlyCount "47"]
[EventDate "2008.06.14"]
[EventType "swiss"]
[EventRounds "9"]
[EventCountry "POL"]
[SourceTitle "EXT 2023"]
[Source "ChessBase"]
[SourceDate "2022.10.05"]
[SourceVersion "1"]
[SourceVersionDate "2022.10.05"]
[SourceQuality "1"]

1. e4 c5 2. Nc3 Nc6 3. Nge2 Nf6 4. d4 cxd4 5. Nxd4 Qa5 6. Nb3 Qd8 7. Be2 e6 8. 0-0 Be7 9. Bf4 e5 10. Bg5 0-0 11. Qd2 a6 12. Rad1 b5 13. Bxf6 Bxf6 14. g3 Ra7 15. a4 b4 16. Nd5 Be7 17. f4 Bb7 18. Bc4 a5 19. f5 Ra8 20. f6 gxf6 21. Qh6 Nd4 22. Nxd4 Bxd5 23. Bxd5 exd4 24. Rf5 1-0

[Event "Rowy op-A 17th"]
[Site "Rowy"]
[Date "2008.06.15"]
[Round "2.18"]
[White "Kostowski, Andrzej"]
[Black "Kulling, Aleksander"]
[Result "1/2-1/2"]
[WhiteElo "1862"]
[BlackElo "1932"]
[PlyCount "45"]
[EventDate "2008.06.14"]
[EventType "swiss"]
[EventRounds "9"]
[EventCountry "POL"]
[SourceTitle "EXT 2023"]
[Source "ChessBase"]
[SourceDate "2022.10.05"]
[SourceVersion "1"]
[SourceVersionDate "2022.10.05"]
[SourceQuality "1"]

1. f4 Nf6 2. Nf3 Nc6 3. c4 d5 4. e3 Bg4 5. d4 e6 6. a3 a6 7. Nbd2 Ne4 8. cxd5 exd5 9. Be2 Bxf3 10. Nxf3 Be7 11. 0-0 0-0 12. Bd3 f5 13. Bd2 Bf6 14. Rc1 Qd7 15. Qb3 Nd8 16. Be1 c6 17. Ne5 Bxe5 18. fxe5 Ne6 19. Bxe4 fxe4 20. Bg3 Rxf1+ 21. Rxf1 c5 22. dxc5 Nxc5 23. Qb6 1/2-1/2

[Event "POL-chT3 Pomorskie"]
[Site "Poland"]
[Date "2007.??.??"]
[Round "?"]
[White "Les, Czeslaw"]
[Black "Kulling, Aleksander"]
[Result "1-0"]
[WhiteElo "1826"]
[BlackElo "1973"]
[PlyCount "61"]
[EventDate "2007.03.25"]
[EventType "team-tourn"]
[EventRounds "10"]
[EventCountry "POL"]
[SourceTitle "EXT 2019"]
[Source "ChessBase"]
[SourceDate "2018.10.10"]
[SourceVersion "1"]
[SourceVersionDate "2018.10.10"]
[SourceQuality "1"]

1. d4 Nf6 2. Bg5 d5 3. Nf3 Ne4 4. Bf4 e6 5. e3 Bd6 6. Bd3 Bxf4 7. exf4 0-0 8. 0-0 f5 9. c4 c6 10. Ne5 Nd7 11. f3 Nef6 12. cxd5 Nxd5 13. Qd2 N7f6 14. Nc3 Qb6 15. Bc4 Qc7 16. Rac1 Qe7 17. g4 fxg4 18. fxg4 Nxc3 19. bxc3 Nd5 20. Rf3 Bd7 21. Rcf1 Rad8 22. Rh3 Be8 23. Qc2 g6 24. f5 exf5 25. gxf5 Qf6 26. fxg6 Qg5+ 27. Rg3 Rxf1+ 28. Bxf1 Qh6 29. gxh7+ Kf8 30. Rg8+ Ke7 31. h8Q 1-0

[Event "Rowy Jantar op-B 11th"]
[Site "Rowy"]
[Date "2002.06.15"]
[Round "8"]
[White "Galazewski, Tomasz"]
[Black "Kulling, Aleksander"]
[Result "0-1"]
[WhiteElo "1800"]
[BlackElo "1800"]
[PlyCount "60"]
[EventDate "2002.06.??"]
[EventType "swiss"]
[EventRounds "8"]
[EventCountry "POL"]
[SourceTitle "EXT 2006"]
[Source "ChessBase"]
[SourceDate "2005.11.24"]
[SourceVersion "1"]
[SourceVersionDate "2005.11.24"]
[SourceQuality "1"]

1. e4 e6 2. d4 d5 3. Nd2 c5 4. exd5 Qxd5 5. Ngf3 cxd4 6. Bc4 Qd8 7. 0-0 Nf6 8. Nb3 a6 9. Nfxd4 b5 10. Be2 Bb7 11. Bf3 Nd5 12. Re1 Be7 13. Bd2 0-0 14. Be4 Qd6 15. c3 Bc8 16. Qf3 Rd8 17. Bf4 Qb6 18. Rad1 Rd7 19. Qg3 Nc6 20. Nxc6 Qxc6 21. Nd4 Qb6 22. Bh6 g6 23. Rd3 f5 24. Bxd5 Rxd5 25. Rde3 Bd6 26. Qh4 Bd7 27. Bg5 Bf8 28. Nxe6 Bxe6 29. Rxe6 Qxe6 30. f3 Re5 0-1

[Event "Rowy Jantar op-B 11th"]
[Site "Rowy"]
[Date "2002.06.13"]
[Round "6"]
[White "Kulling, Aleksander"]
[Black "Stefaniak, Tomasz"]
[Result "0-1"]
[WhiteElo "1800"]
[BlackElo "2000"]
[PlyCount "49"]
[EventDate "2002.06.??"]
[EventType "swiss"]
[EventRounds "8"]
[EventCountry "POL"]
[SourceTitle "EXT 2006"]
[Source "ChessBase"]
[SourceDate "2005.11.24"]
[SourceVersion "1"]
[SourceVersionDate "2005.11.24"]
[SourceQuality "1"]

1. e4 e6 2. d4 d5 3. exd5 exd5 4. Bd3 Bd6 5. Ne2 Nf6 6. Bg5 Be6 7. c3 c6 8. Qc2 Nbd7 9. Nd2 Qc7 10. f4 h6 11. f5 Bxf5 12. Bxf6 Bxd3 13. Qxd3 Nxf6 14. Qe3+ Qe7 15. Qf3 0-0-0 16. 0-0-0 Rde8 17. Rde1 Qe3 18. Qf5+ Qe6 19. Qf3 Qg4 20. Qf2 Qg5 21. h4 Qxd2+ 22. Kxd2 Ne4+ 23. Kc2 Nxf2 24. Rhf1 Ne4 25. Kd3 0-1